Bí ẩn của não phải - Mỗi đứa trẻ là một thiên tài
Sách hướng dẫn các bậc cha mẹ cách nuôi dạy trẻ phát triển tư duy, tìm hiểu năng lực tiềm ẩn của não phải, những kỹ năng trí tuệ quan trọng như tưởng tượng, trực giác, ghi nhớ, tính toán, ngôn ngữ... của não phải....
Enregistré dans:
| Auteur principal: | |
|---|---|
| Autres auteurs: | |
| Format: | Livre |
| Langue: | Vietnamese |
| Publié: |
H.
Thế giới
2022
|
| Édition: | Tái bản lần thứ 7 |
| Sujets: | |
| Tags: |
Ajouter un tag
Pas de tags, Soyez le premier à ajouter un tag!
|
| Thư viện lưu trữ: | Thư viện Trường Đại học Nam Cần Thơ |
|---|
| LEADER | 01537nam a22002417a 4500 | ||
|---|---|---|---|
| 001 | NCT_4_010891 | ||
| 008 | 240618b xxu||||| |||| 00| 0 vie d | ||
| 999 | |c 8495 |d 8495 | ||
| 020 | |a 9786043655834 |c 118000 | ||
| 082 | 0 | 4 | |2 23rd ed. |a 649.1 |b S555 |
| 100 | 1 | |a Shichida, Makoto | |
| 245 | 1 | 0 | |a Bí ẩn của não phải - Mỗi đứa trẻ là một thiên tài |c Makoto Shichida; Nguyễn Hương Mai (dịch) |
| 250 | |a Tái bản lần thứ 7 | ||
| 260 | |a H. |b Thế giới |c 2022 | ||
| 300 | |a 222 tr. |b hình vẽ |c 21cm | ||
| 520 | 3 | |a Sách hướng dẫn các bậc cha mẹ cách nuôi dạy trẻ phát triển tư duy, tìm hiểu năng lực tiềm ẩn của não phải, những kỹ năng trí tuệ quan trọng như tưởng tượng, trực giác, ghi nhớ, tính toán, ngôn ngữ... của não phải. | |
| 653 | |a Tham khảo | ||
| 700 | 1 | |a Nguyễn Hương Mai |e Dịch | |
| 942 | |2 ddc |c BK | ||
| 952 | |0 0 |1 0 |2 ddc |4 0 |6 649_100000000000000_S555 |7 0 |9 29183 |a 000001 |b 000001 |d 2024-06-18 |o 649.1 S555 |p TK.04398 |r 2024-06-18 |v 118000.00 |w 2024-06-18 |y BK | ||
| 952 | |0 0 |1 0 |2 ddc |4 0 |6 649_100000000000000_S555 |7 0 |9 29184 |a 000001 |b 000001 |d 2024-06-18 |o 649.1 S555 |p TK.04399 |r 2024-06-18 |v 118000.00 |w 2024-06-18 |y BK | ||
| 952 | |0 0 |1 0 |2 ddc |4 0 |6 649_100000000000000_S555 |7 0 |9 29185 |a 000001 |b 000001 |d 2024-06-18 |l 1 |o 649.1 S555 |p TK.04400 |q 2025-12-19 |r 2025-12-05 |s 2025-12-05 |v 118000.00 |w 2024-06-18 |y BK | ||
| 980 | |a Thư viện Trường Đại học Nam Cần Thơ | ||


